Environmental Mangement Sustainable Development and Human Health (Record no. 222)

MARC details
000 -LEADER
fixed length control field 00642nam a22002177a 4500
003 - CONTROL NUMBER IDENTIFIER
control field OSt
005 - DATE AND TIME OF LATEST TRANSACTION
control field 20250925020003.0
008 - FIXED-LENGTH DATA ELEMENTS--GENERAL INFORMATION
fixed length control field 140716b xxu||||| |||| 00| 0 eng d
020 ## - INTERNATIONAL STANDARD BOOK NUMBER
International Standard Book Number 9780415469630
040 ## - CATALOGING SOURCE
Transcribing agency DDC
082 ## - DEWEY DECIMAL CLASSIFICATION NUMBER
Edition number 22nd ed.
Classification number 363.7 ENV 2009
100 ## - MAIN ENTRY--PERSONAL NAME
Personal name Edited by Eddie, N. Laboy
9 (RLIN) 584
245 ## - TITLE STATEMENT
Title Environmental Mangement Sustainable Development and Human Health
260 ## - PUBLICATION, DISTRIBUTION, ETC. (IMPRINT)
Place of publication, distribution, etc. London;
Name of publisher, distributor, etc. CRC Press,
Date of publication, distribution, etc. 2009
300 ## - PHYSICAL DESCRIPTION
Extent xiii,433p;
Other physical details ill:
Dimensions 24cm
504 ## - BIBLIOGRAPHY, ETC. NOTE
Bibliography, etc Notes, & index included
650 ## - SUBJECT ADDED ENTRY--TOPICAL TERM
Topical term or geographic name as entry element Environment protection
9 (RLIN) 583
650 ## - SUBJECT ADDED ENTRY--TOPICAL TERM
Topical term or geographic name as entry element Sustainable development
9 (RLIN) 1103
650 ## - SUBJECT ADDED ENTRY--TOPICAL TERM
Topical term or geographic name as entry element Health care
9 (RLIN) 12
942 ## - ADDED ENTRY ELEMENTS (KOHA)
Source of classification or shelving scheme Dewey Decimal Classification
Koha item type Book Bank
Koha issues (borrowed), all copies 1
Holdings
Withdrawn status Lost status Source of classification or shelving scheme Damaged status Not for loan Home library Current library Date acquired Source of acquisition Inventory number Total Checkouts Full call number Barcode Date last seen Koha item type Date last checked out
    Dewey Decimal Classification     Main Kihumuro Campus MUST Main Library 16/07/2014 Purchase 12/36579 1 363.7 ENV 2009 2014-0797 15/10/2025 Book Bank 24/09/2025
    Dewey Decimal Classification     Main Kihumuro Campus Main Kihumuro Campus 16/07/2014 Purchase 12/36578   363.7 ENV 2009 2014-0796 16/07/2014 Book Bank  
    Dewey Decimal Classification     Main Kihumuro Campus Main Kihumuro Campus 16/07/2014 Purchase 12/36580   363.7 ENV 2009 2014-0798 16/07/2014 Book Bank  
    Dewey Decimal Classification     MUST Main Library Main Kihumuro Campus 16/07/2014 Purchase 12/36581   363.7 ENV 2009 2014-0799 16/07/2014 Book Bank  
    Dewey Decimal Classification     Main Kihumuro Campus Main Kihumuro Campus 16/07/2014 Purchase 12/36582   363.7 ENV 2009 2014-0800 16/07/2014 Book Bank